| 000 | 00349nam a2200145Ia 4500 | ||
|---|---|---|---|
| 008 | 230312s9999||||xx |||||||||||||| ||und|| | ||
| 020 | _a1-118-13243-2 | ||
| 082 |
_a005.446 _bPAU-W |
||
| 100 | _aWoods;Eoin | ||
| 245 | 0 | _aSoftware Systems Architecture | |
| 260 |
_bWiley _aUSA _c2013 |
||
| 300 | _a244 | ||
| 650 |
_aComputer _vComputer |
||
| 942 | _cBK | ||
| 999 |
_c15207 _d15207 |
||